Kvalita životného prostredia vidieckych sídel Slovenska

Charakter vidieckych sídel a rozvoj poľnohospodárstva. Transformančné zmeny po vstupe Slovenska do Európskej únie. Kvalitu života vidieckych sídel podmieňuje celý rad faktorov, ktoré ovplyvňuje subjektívne vnímanie jednotlivcov.

Salvato in:
Dettagli Bibliografici
Autore principale: Izakovičová, Zita
Natura: Capitolo di libro
Lingua:slovacco
Soggetti:
Tags: Aggiungi Tag
Nessun Tag, puoi essere il primo ad aggiungerne!!

MARC

LEADER 00000naa a2200000 4500
001 0165656
005 20231208080837.0
041 0 |a slo 
044 |a SK 
245 1 0 |a Kvalita životného prostredia vidieckych sídel Slovenska  |c Zita Izakovičová 
520 |a Charakter vidieckych sídel a rozvoj poľnohospodárstva. Transformančné zmeny po vstupe Slovenska do Európskej únie. Kvalitu života vidieckych sídel podmieňuje celý rad faktorov, ktoré ovplyvňuje subjektívne vnímanie jednotlivcov. 
610 2 0 |a Slovensko 
610 2 0 |a Európska únia 
610 2 0 |a rozvoj vidieka 
610 2 0 |a kategorizácia sídel 
610 2 0 |a regióny poľnohospodárske výrobné 
610 2 0 |a prostredie krajinné 
610 2 0 |a kvalita života 
100 1 |a Izakovičová, Zita